| 000 | 00883nam a2200241 a 4500 | ||
|---|---|---|---|
| 001 | 83528 | ||
| 003 | BD-RjUL | ||
| 005 | 20240417150809.0 | ||
| 008 | 240417b1970 us a|||| m||| 00| 0 eng d | ||
| 035 | _a(BD-RjUL)83528 | ||
| 040 |
_aBD-RjUL _beng _cBD-RjUL _dBD-RjUL |
||
| 041 | _aeng | ||
| 082 |
_223 _a538.44 _bMOO 1970 |
||
| 100 |
_aMountford, R.G. _912607 |
||
| 245 | 1 | 0 |
_aOBSERVATION AND STUDY OF THE FERROMAGNETIC DOMAIN STRUCTURES IN NICKEL-IRON BASED ALLOYS / _cR.G. Mountford _6Supervisor : E.W. Lee |
| 260 |
_aLondon : _bDepartment of physics,University of Southampton _c1970 |
||
| 300 |
_a[9], 208, [4], vi, leaves : _bill.; _c28 cm. |
||
| 502 | _aThesis(Ph.D.) -- Department of physics,University of Southampton,1970 | ||
| 504 | _aReferences : Leaves i-vi | ||
| 650 |
_aFerromagnetism _xNickel-Iron _912608 |
||
| 700 |
_aLee, E.W. Supervisor _912609 |
||
| 942 |
_2ddc _cTHE |
||
| 999 |
_c83528 _d83528 |
||